000 00735nam a2200229 a 4500
005 20221203063605.0
008 140519s2008 es r 000 0 spa d
020 _a9788426136558
035 _aUPN01000197268
049 _aI
050 4 _aBJ1631
_bT4.8
100 1 _aThomas, Pat,
_d1959-
_932688
245 1 1 _a¡Vaya modales! :
_bhablemos de la buena educación /
_cPat Thomas ; il. Lesley Harker ; tr. María Lucchetti Bochaca.
260 _aBarcelona [Esp.] :
_bJuventud,
_cc2008.
300 _a29 p. :
_bil. col.
440 0 _aHablemos de...
534 _pTítulo original:
_tMy manners matter
650 4 _aNIÑOS -
_xCONDUCTA DE VIDA
_917303
650 4 _aValores sociales
_94177
905 _aInfantil
999 _c169369
_d169369